00747nam a22002297a 450000500170000001000110001702000200002803500110004803700160005904000120007508200110008710000300009824500480012826000320017627000380020830000200024665000270026665000300029394200200032399900190034395201550036220170124110128.0 a535683 c00.00a22461360 a535683 bCen Lib/Ret aDPLbEN aNbSIN aSinclair, Marianne931793 aWatcher in the park /cby Marianne Sinclair bJonathan CapeaLondonc1968 bLondona9 BoThirty Bedford Square a187p.c20cm(Hb) aEnglish fiction931794 aEnglish literature931795 2ddccENhNmSIN c131450d131450 04104070aLbLd2015-07-14eCen Lib/Retg0.00l0oN SINp535683r2015-07-14 00:00:00t1v0.00w2015-07-14yENzW/d List No. 6862/3 ; dtd 06/08/2020